000 00399nam a2200181Ia 4500
008 220531s9999 xx 000 0 und d
041 _aeng
082 _bPAU
100 _aPaul, Rajendra
_942153
245 _aSonnet
250 _a1ST
260 _bRama
_c1999
300 _a464
542 _d10-07-2000
650 _aEnglish
_942154
906 _d2000-2001
_f7531
999 _c25162
_d25162